| 000 | 00463nam a2200169Ia 4500 | ||
|---|---|---|---|
| 005 | 20250424120230.0 | ||
| 008 | 250424s9999 xx 000 0 und d | ||
| 022 | _a00941298 | ||
| 050 | _aRD 559. S83/ | ||
| 245 | 0 | _aClinics in plastic surgery | |
| 260 | _aPhiladelphia | ||
| 260 | _bW. B. Saunders Company | ||
| 260 | _c1995 | ||
| 300 | _axii, 583 p. : ill. ; 24 cm. | ||
| 650 | _aHand--Surgery--Periodical Surgery, Plastic-- Pereiodicals. | ||
| 942 | _cSR | ||
| 999 |
_c38134 _d38134 |
||